000 01073nam a22003495b 4500
001 00348182
003 DO-SdBPM
005 20260324122813.0
007 ta
008 930811s2002 sp | |||| ||spa
017 _a
_b
020 _a8420789887
035 _a
040 _aDO-SdBPM
_bspa
_cBPMSU
_erda
082 0 4 _a863.6
_b Z17p 2002
_2 22
100 1 _aZafra, José
_d1962-
_eautor
_4aut.
245 1 0 _a El palacio de papel /
_cJosé Zafra ; ilustraciones Emilio Urberuaga
_h
264 _aMadrid :
_bAnaya,
_c2002
300 _a109 páginas :
_bilustraciones ;
_c20 cm
336 _atexto
_btxt
_2rdacontent
337 _asin mediación
_bn
_2rdamedia
338 _avolumen
_bnc
_2rdacarrier
490 0 _a Sopa de libros
_a
_v
500 _aPara niños a partir de los 7 años
586 _a
590 _ainventariado, 2026/VM
650 7 _aCuentos infantiles españoles.
650 7 _aRatones
_vCuentos infantiles
700 1 _aUrberuaga, Emilio
_eilustraciones
910 _aVMateo V. Control de calidad. BPMSU
942 _2ddc
_cBK
999 _c15768
_d15768